000 00715nam a2200229Ia 4500
003 OSt
005 20220927105028.0
006 a|||||r|||| 00| 0
007 ta
008 220926b |||||||| |||| 00| 0 eng d
024 _a187484
037 _cReference Collections
040 _aRTL
_cRTL
_beng
041 _2eng
_aeng
082 _a"X9(M7).2.N59<-N54r, J9"
110 _a"LAKSHMI MILLS COMPANY LTD. ,COIMBATOR"
_9369632
245 0 _a"Annual report,1954"
260 _aCoimbator
_bLakshmi Mills Company Ltd.
_c1959
700 _a"LAKSHMI MILLS COMPANY LTD. ,COIMBATOR"
_9369633
942 _h"X9(M7).2.N59<-N54r, J9"
_cCC
999 _c690328
_d690328